| 000 | 00503nam a22001697a 4500 | ||
|---|---|---|---|
| 003 | OSt | ||
| 005 | 20251127112831.0 | ||
| 008 | 251127b |||||||| |||| 00| 0 eng d | ||
| 040 |
_aDWCL-Main lib _cOC |
||
| 082 | _aFil. 657.3 Ac172p 2005 | ||
| 110 | _aAccounting Standards Council | ||
| 245 |
_aPhilippine accounting standards (PAS)/ _cAccounting Standards Council |
||
| 260 |
_aManila : _bPICPA, _cc2005. |
||
| 300 |
_avarious paging ; _c25 cm. |
||
| 650 | _aAccounting. | ||
| 942 |
_2ddc _cBK - FIL _kFil. _n0 |
||
| 999 |
_c6455 _d6455 |
||